Statistics for 1995-96 Premier League Final Table

Click here to take the quiz!

General Stats

  • This quiz has been taken 7 times
    (6 since last reset)
  • The average score is 10 of 20

Answer Stats

PositionTeamWonDrewLostGF/GAGDPoints% Correct
1Manchester United257673/353882
100%
3Liverpool2011770/343671
80%
2Newcastle United246866/372978
80%
5Arsenal1712949/321763
60%
7Blackburn Rovers1871361/471461
60%
11Chelsea12141246/44250
60%
6Everton17101164/442061
60%
13Leeds United1271940/57-1743
60%
9Nottingham Forest15131050/54-458
60%
17Southampton9111834/52-1838
60%
4Aston Villa1891152/351763
40%
20Bolton Wanderers852539/71-3229
40%
16Coventry City8141642/60-1838
40%
18Manchester City9111833/58-2538
40%
12Middlesbrough11101735/50-1543
40%
15Sheffield Wednesday10101848/61-1340
40%
8Tottenham Hotspur1613950/381261
40%
10West Ham United1491543/52-951
40%
14Wimbledon10111755/70-1541
40%
19Queens Park Rangers962338/57-1933
0%

Score Distribution

Percentile by Number Answered

Percent of People with Each Score

Your Score History

You have not taken this quiz since the last reset